Statistics for Every team Liverpool played in 21/22 (ALL COMPS)

Click here to take the quiz!

General Stats

  • This quiz has been taken 3 times
  • The average score is 20 of 44

Answer Stats

HintAnswer% Correct
Premier LeagueManchester City
100%
FA CupManchester City
100%
Champions LeagueAC Milan
67%
Carabao CupArsenal
67%
Premier LeagueArsenal
67%
Premier LeagueAston Villa
67%
Champions LeagueBenfica
67%
FA CupChelsea
67%
Carabao CupChelsea
67%
Premier LeagueChelsea
67%
Premier LeagueEverton
67%
Champions LeagueFC Porto
67%
Carabao CupLeicester City
67%
Premier LeagueLeicester City
67%
Premier LeagueManchester United
67%
Carabao CupNorwich
67%
FA CupNorwich
67%
Premier LeagueNorwich
67%
FA CupNottingham Forest
67%
Champions LeagueReal Madrid
67%
Premier LeagueSouthampton
67%
Premier LeagueTottenham Hotspur
67%
Champions LeagueVillareal
67%
Premier LeagueWest Ham
67%
Champions LeagueAtletico Madrid
33%
Premier LeagueBrentford
33%
Premier LeagueBrighton
33%
Premier LeagueBurnley
33%
Premier LeagueCrystal Palace
33%
Champions LeagueInter Milan
33%
Premier LeagueLeeds United
33%
Premier LeagueNewcastle
33%
Premier LeagueWatford
33%
Premier LeagueWolves
33%
Pre-SeasonAthletic Bilbao
0%
Pre-SeasonBologna
0%
FA CupCardiff City
0%
Pre-SeasonHertha Berlin
0%
Pre-SeasonMainz
0%
Pre-SeasonOsasuna
0%
Carabao CupPreston
0%
FA CupShrewsbury
0%
Pre-SeasonStuttgart
0%
Pre-SeasonWacker Innsbruck
0%

Score Distribution

Percentile by Number Answered

Percent of People with Each Score

Your Score History

You have not taken this quiz